000 00746nam a2200289Ia 4500
005 20260324134530.0
008 008 260324s9999 xx 000 0 eng d
020 _a9781315204772
037 _aEBOOK
040 _aCRL
040 _beng
040 _cCRL
041 _2eng
041 _aeng
084 _qCRL
100 _aCécile Wetzels
_91197172
245 0 _aSqueezing Birth into Working Life
245 0 _bHousehold Panel Data Analyses Comparing Germany, Great Britain, Sweden and The Netherlands
260 _bTaylor and Francis
260 _c2001
365 _a
365 _b99.99
856 _uhttp://www.taylorfrancis.com/books/9781315204772
942 _cEBOOK
999 _c1797370
_d1797370